|
|
|
|
| LEADER |
00000cam a2200000 7i4500 |
| 001 |
0000000650 |
| 005 |
20020806.0 |
| 020 |
0 |
0 |
|a 9839592254
|
| 090 |
0 |
0 |
|a 728.37089923
|b KIL 1994
|
| 100 |
1 |
0 |
|a KILLMANN
|h Wulf
|
| 245 |
1 |
0 |
|a Restoring & reconstructing the Malay timber house
|c by Wulf Killmann, Tom Sickinger & Hong Lay Thong
|
| 260 |
0 |
0 |
|a Kuala Lumpur :
|b Institut Penyelidikan Perhutanan Malaysia ,
|c 1994
|
| 300 |
|
|
|a xxi, 103 p. :
|b col. ill. ;
|c 25 cm.
|
| 500 |
0 |
0 |
|a Bibliography: [p.99-102]
|
| 650 |
0 |
0 |
|a Architecture, Domestic
|z Malaysia
|
| 650 |
0 |
0 |
|a House construction
|z Malaysia
|
| 650 |
0 |
0 |
|a Malay
|x Dwellings
|
| 700 |
0 |
1 |
|a Hong
|h Lay-Thong
|
| 700 |
0 |
1 |
|a Sickinger
|h Tom
|
| 998 |
|
|
|a JPSM
|
| 999 |
|
|
|a 0000000289
|b Monograph
|c Open Shelf
|e Default branch
|
| 999 |
|
|
|a 0000000636
|b Monograph
|c Open Shelf
|e Default branch
|
| 999 |
|
|
|a 0000000637
|b Monograph
|c Open Shelf
|e Default branch
|
| 999 |
|
|
|a 0000004380
|b Monograph
|c Open Shelf
|e Default branch
|